Baptist vs. Catholic countries Quiz Stats

 Plays Quiz not verified by Sporcle

Also try: Mythical Creatures
Challenge
Share
Tweet
Embed
Score 0/6 Timer 03:00
0 Plays Today
continent country % Correct
North AmericaBahamas
77.6%
Europe|AsiaAzerbaijan
71.5%
AsiaNepal
70.1%
AsiaMyanmar
66.8%
AsiaUzbekistan
59.3%
EuropeEstonia
57.9%

You're not logged in!

Compare scores with friends on all Sporcle quizzes.
Join for Free
OR
Log In

You Might Also Like...

Show Comments

Extras

Top Quizzes Today


Score Distribution

Your Account Isn't Verified!

In order to create a playlist on Sporcle, you need to verify the email address you used during registration. Go to your Sporcle Settings to finish the process.

Report this User

Report this user for behavior that violates our Community Guidelines.

Details: